000 00414nam a2200181Ia 4500
001 741
005 20260306140540.0
008 260306t2006||||xx |||||||||||||| ||spa||
041 _aESP
082 _a160
_bC32
100 _aCasaubon, Juan Alfredo
_eAUT
245 0 _aNociones generales de lógica y filosofía
260 _c2006
300 _a
_c
650 _aGEN
654 _aCHU
942 _cLIB
_dJUS
_fJUS
_2ddc
_n
999 _c741
_d741